000
00231nam a22000857a 4500
008
160718b xxu||||| |||| 00| 0 eng d
100
_9
3037
_a
Singh, A.I
245
_a
The Partition of India
260
_a
New Delhi
_b
National Book Trust
_c
2007
999
_c
2600
_d
2600